000 00411pab a2200169 454500
008 180718b2015 xxu||||| |||| 00| 0 eng d
100 _aPatel, Shirish B.
245 _aAffordable housing with spatial Justice, for all
260 _c2015
300 _ap.61-66.
362 _a7 Feb
650 _aJustice
650 _aHousing
773 _aEconomic and Political Weekly
908 _aN
909 _a106846
999 _c106841
_d106841